Wszyscy piłkarze Śląska Wrocław na 21.08.2024 - Statystyki

Ogólne statystyki
  • Ten quiz został rozwiązany 52 razy
  • Średni wynik to 17 z 30
Statystyki odpowiedzi
pozycja/numer/kraj pochodzenia pilkarz wiek % Poprawnych
Pomocnik 26 Turcja Burak Ince 20
88%
Bramkarz 12 Polska Rafał Leszczyński 32
84%
Napastnik 11 Polska Sebastian Musiolik 28
79%
Napastnik 19 Hiszpania/Turcja Arnau Ortiz 22
74%
Trener Polska Jacek Magiera 47
72%
Pomocnik 16 Słowacja Peter Pokorny 23
72%
Pomocnik 17 Czechy Petr Schwarz 32
70%
Pomocnik 21 Rumunia Tudor Baluta 25
70%
Obrońca 5 C Bułgaria Aleks Petkov 24
67%
Obrońca 78 Polska/Włochy Tommaso Guercio 19
67%
Pomocnik 22 Polska Mateusz Żukowski 22
65%
Pomocnik 7 Polska Piotr Samiec-Talar 22
65%
Pomocnik 8 Dania Patrick Olsen 30
63%
Obrońca 87 Bułgaria/Francja Simeon Petrov 24
63%
Pomocnik 77 Polska Marcin Cebula 28
60%
Obrońca 4 Polska Łukasz Bejger 22
58%
Bramkarz 1 Polska Tomasz Loska 28
58%
Obrońca 2 Polska Aleksander Paluszek 23
53%
Obrońca 3 Polska Serafin Szota 25
53%
Obrońca 33 Ukraina Yegor Matsenko 22
53%
Pomocnik 10 Hiszpania Matias Nahuel 27
51%
Pomocnik 27 Polska Filip Rejczyk 18
44%
Pomocnik 29 Polska Jakub Jezierski 20
42%
Pomocnik 8 Niemcy Simon Schierack 19
40%
Bramkarz 30 Polska Bartosz Głogowski 18
33%
Pomocnik 6 Polska Łukasz Gerstenstein 19
30%
Bramkarz 44 Polska Hubert Śliczniak 17
28%
Obrońca 13 Polska Krzysztof Kurowski 17
28%
Obrońca 34 Polska Konrad Poprawa 26
26%
Obrońca 14 Polska Mateusz Bartolewski 26
26%
Nie znaleziono quizów pasujących do podanych kryteriów
Rozkład punktacji
Procent ludzi z każdym wynikiem
Percentyl według liczby udzielonych odpowiedzi
Twoja historia wyników
Nie rozwiązałeś tego quizu